TEXTBOOK OF ADVANCED NURSING PRATICE9AS PER THE SYLLABUS OF INC FOR MSC STUDENTS (Record no. 83729)

MARC details
000 -LEADER
fixed length control field 00605nam a22002177a 4500
005 - DATE AND TIME OF LATEST TRANSACTION
control field 20230603123351.0
008 - FIXED-LENGTH DATA ELEMENTS--GENERAL INFORMATION
fixed length control field 230102b |||||||| |||| 00| 0 eng d
020 ## - INTERNATIONAL STANDARD BOOK NUMBER
International Standard Book Number 9789351522010
041 ## - LANGUAGE CODE
Language code of text/sound track or separate title eng.
082 ## - DEWEY DECIMAL CLASSIFICATION NUMBER
Classification number 610.733
Item number KAU
100 ## - MAIN ENTRY--PERSONAL NAME
Author NAVDEP KAUR
110 ## - MAIN ENTRY--CORPORATE NAME
Corporate name or jurisdiction name as entry element HC RAWAT
245 ## - TITLE STATEMENT
Title TEXTBOOK OF ADVANCED NURSING PRATICE9AS PER THE SYLLABUS OF INC FOR MSC STUDENTS
250 ## - EDITION STATEMENT
Edition statement 1ed.
260 ## - PUBLICATION, DISTRIBUTION, ETC.
Place of publication, distribution, etc. NAGPUR
Name of publisher, distributor, etc. JAYPEE PUBLICATION
Date of publication, distribution, etc. 2015
300 ## - PHYSICAL DESCRIPTION
Extent 1106
365 ## - TRADE PRICE
Price type code 1495
Price amount RS.
942 ## - ADDED ENTRY ELEMENTS (KOHA)
Koha item type Books
650 ## - SUBJECT ADDED ENTRY--TOPICAL TERM
Topical term or geographic name entry element NURSING FOUNDATION
Holdings
Withdrawn status Lost status Source of classification or shelving scheme Damaged status Not for loan Home library Current library Date acquired Vendor Net Price Total Checkouts Full call number Barcode Date last seen Date last checked out Actual Price Bill Date Koha item type Original Barcode Date due Total Renewals
    Dewey Decimal Classification     Sitabai Nargundkar College of Nursing Nagpur Sitabai Nargundkar College of Nursing Nagpur 06/12/2022 sS R. PUBLICATION AND DISTRIBUTION 1495.00 9 610.733 KAU SNCN-BK-3020 15/11/2025 04/11/2025 934.00   Books 3020    
    Dewey Decimal Classification     Sitabai Nargundkar College of Nursing Nagpur Sitabai Nargundkar College of Nursing Nagpur 06/12/2022 sS R. PUBLICATION AND DISTRIBUTION 1495.00 2 610.733 KAU SNCN-BK-3021 01/07/2025 01/07/2025 934.00   Books 3021 16/07/2025  
    Dewey Decimal Classification     Sitabai Nargundkar College of Nursing Nagpur Sitabai Nargundkar College of Nursing Nagpur 06/12/2022 sS R. PUBLICATION AND DISTRIBUTION 1495.00 2 610.733 KAU SNCN-BK-3022 04/01/2024 01/01/2024 934.00   Books 3022    
    Dewey Decimal Classification     Sitabai Nargundkar College of Nursing Nagpur Sitabai Nargundkar College of Nursing Nagpur 06/12/2022 sS R. PUBLICATION AND DISTRIBUTION 1495.00 3 610.733 KAU SNCN-BK-3023 15/07/2024 11/06/2024 934.00   Books 3023    
    Dewey Decimal Classification     Sitabai Nargundkar College of Nursing Nagpur Sitabai Nargundkar College of Nursing Nagpur 06/12/2022 sS R. PUBLICATION AND DISTRIBUTION 1495.00 7 610.733 KAU SNCN-BK-3024 18/02/2025 03/02/2025 934.00   Books 3024    
    Dewey Decimal Classification     Sitabai Nargundkar College of Nursing Nagpur Sitabai Nargundkar College of Nursing Nagpur 06/12/2022 S R. PUBLICATION AND DISTRIBUTION 1495.00 5 610.733 KAU SNCN-BK-3025 25/03/2026 25/03/2026 934.00   Books 3025 24/04/2026  
    Dewey Decimal Classification     Sitabai Nargundkar College of Nursing Nagpur Sitabai Nargundkar College of Nursing Nagpur 06/12/2022 sS R. PUBLICATION AND DISTRIBUTION 1495.00 1 610.733 KAU SNCN-BK-3026 21/11/2023 01/11/2023 934.00   Books 3026    
    Dewey Decimal Classification     Sitabai Nargundkar College of Nursing Nagpur Sitabai Nargundkar College of Nursing Nagpur 06/12/2022 sS R. PUBLICATION AND DISTRIBUTION 1495.00 6 610.733 KAU SNCN-BK-3027 12/11/2025 06/11/2025 934.00   Books 3027   2
    Dewey Decimal Classification     Sitabai Nargundkar College of Nursing Nagpur Sitabai Nargundkar College of Nursing Nagpur 06/12/2022 sS R. PUBLICATION AND DISTRIBUTION 1495.00   610.733 KAU SNCN-BK-3028 05/05/2023   934.00   Books 3028    
    Dewey Decimal Classification     Sitabai Nargundkar College of Nursing Nagpur Sitabai Nargundkar College of Nursing Nagpur 06/12/2022 sS R. PUBLICATION AND DISTRIBUTION 1495.00 3 610.733 KAU SNCN-BK-3029 05/05/2025 03/05/2025 934.00   Books 3029   1